UBT Library

How people change / (Record no. 44759)

000 -LEADER
fixed length control field 00705cam a2200241 a 4500
001 - CONTROL NUMBER
control field 14532659
005 - DATE AND TIME OF LATEST TRANSACTION
control field 20180312090735.0
008 - FIXED-LENGTH DATA ELEMENTS--GENERAL INFORMATION
fixed length control field 060902s2006 ncua b 000 0 eng d
010 ## - LIBRARY OF CONGRESS CONTROL NUMBER
LC control number 2006297871
020 ## - INTERNATIONAL STANDARD BOOK NUMBER
International Standard Book Number 0977080722 (pbk.)
035 ## - SYSTEM CONTROL NUMBER
System control number (OCoLC)ocm70293209
040 ## - CATALOGING SOURCE
Original cataloging agency KTS
Transcribing agency KTS
Modifying agency DLC
041 ## - LANGUAGE CODE
Language code of text/sound track or separate title eng
042 ## - AUTHENTICATION CODE
Authentication code lccopycat
080 ## - UNIVERSAL DECIMAL CLASSIFICATION NUMBER
Universal Decimal Classification number 2 LAN
100 1# - Rafti
Rafti 24
101 ## - Shkurtesa
Shkurtesa TEO
245 10 - TITLE STATEMENT
Title How people change /
Statement of responsibility, etc Timothy S. Lane and Paul David Tripp.
504 ## - BIBLIOGRAPHY, ETC. NOTE
Bibliography, etc Includes bibliographical references.
906 ## - LOCAL DATA ELEMENT F, LDF (RLIN)
a 7
b cbc
c copycat
d 2
e ncip
f 20
g y-gencatlg
942 ## - ADDED ENTRY ELEMENTS (KOHA)
Source of classification or shelving scheme
Item type Books
Holdings
Withdrawn status Lost status Source of classification or shelving scheme Damaged status Not for loan Collection code Permanent location Current location Shelving location Date acquired Total Checkouts Full call number Barcode Date last seen Price effective from Koha item type
          Koleksioni i përgjithshem UBT - Lipjan UBT - Lipjan Koleksioni i përgjithshem 03/12/2018   2 LAN 002-3001391 03/12/2018 03/12/2018 Books
UBT Library © 2015-2024. All rights reserved University Education for Business and Technology